[Event "Andorra open 2018"]
[Site "Andorra la Vella AND"]
[Date "2018.07.23"]
[Round "3.16"]
[White "Terao, Juliana Sayumi"]
[Black "De Seroux, Camille"]
[Result "0-1"]
[WhiteElo "2308"]
[BlackElo "2146"]
[PlyCount "54"]
[EventDate "2018.07.21"]
[EventType "swiss"]
[EventRounds "9"]
[EventCountry "AND"]
[SourceTitle "Ajedrez en Madrid"]
[Source "lmi"]
[SourceDate "2018.07.21"]

1. e4 c5 2. Nf3 Nc6 3. c3 d5 4. exd5 Qxd5 5. d4 Bf5 6. Be3 Nf6 7. Na3 e6 8. Qa4
cxd4 9. Nb5 O-O-O 10. Nbxd4 Nxd4 11. Nxd4 Ng4 12. Qxa7 Nxe3 13. fxe3 Bc5 14.
Qa8+ Kc7 15. Qa5+ Kb8 16. b4 Bxd4 17. cxd4 Qe4 18. Qe5+ Qxe5 19. dxe5 Rd5 20.
Kf2 Rc8 21. Be2 Rc2 22. Kf3 Rxe5 23. Rhe1 Be4+ 24. Kf4 f6 25. g4 Bd5 26. Bd3
Rf2+ 27. Kg3 Rf3+ 0-1